[Event "45th Olympiad 2024"]
[Site "Budapest HUN"]
[Date "2024.09.21"]
[Round "10.24"]
[Board "2"]
[White "Siddharth, Jagadeesh"]
[Black "Annaberdiyev, Meylis"]
[Result "0-1"]
[WhiteElo "2514"]
[BlackElo "2431"]
[PlyCount "48"]
[EventDate "2024.09.11"]
[WhiteTeam "Singapore"]
[BlackTeam "Turkmenistan"]
[WhiteTeamCountry "SIN"]
[BlackTeamCountry "TKM"]

1. d4 Nf6 2. c4 e6 3. Nc3 Bb4 4. e3 O-O 5. Bd3 d5 6. a3 Bxc3+ 7. bxc3 dxc4 8. Bxc4 b6 ({RR} 8... e5 9. Nf3 e4 10. Ne5 Nc6 11. Qc2 Nxe5 12. dxe5 Ng4 13. Be2 Qd5 14. c4 Qxe5 15. Bb2 Qf5 16. O-O-O Nxf2 17. Rhf1 Nd3+ 18. Bxd3 exd3 19. Qc3 Qg6 20. g4 f6 21. Rf4 Be6 22. Rg1 Rad8 23. Kd2 {0-1 Predke,A (2666)-Sasikiran,K (2640) FIDE Grand Swiss 2021 (6)}) 9. Qf3 ({RR} 9. Nf3 Ba6 10. Bxa6 Nxa6 11. e4 c5 12. Qd3 Qc8 13. e5 c4 14. Qc2 Nd5 15. Ng5 f5 16. exf6 Nxf6 17. O-O h6 18. Nf3 Qe8 19. Re1 Nd5 20. Qe2 Nac7 21. Qxc4 Qg6 22. Qe2 Nxc3 23. Qe3 N3d5 {0-1 Iniyan,P (2547)-Sammed Jaykumar,S (2386) 61st ch-IND 2024 (9.6)}) 9... Ba6 $146 ({RR} 9... Bd7 10. Ne2 Bc6 11. Qh3 Bb7 12. O-O Nbd7 13. f3 c5 14. e4 Qc7 15. Bf4 e5 16. dxe5 Nxe5 17. Ng3 Bc8 18. Qh4 Qe7 19. Nh5 Ng6 20. Nxf6+ gxf6 21. Qg3 Rd8 22. Bd5 Bb7 23. Bc7 Rxd5 24. exd5 {1-0 Djuric,S (2370)-Farre I Benseny,M (1822) Miquel Mas op 20th 2019 (3)}) ({RR} 9... c6 10. Ne2 Bb7 11. O-O Qc7 12. Qh3 Nbd7 13. Bd3 c5 14. Bb2 Be4 15. Rfd1 Bxd3 16. Rxd3 c4 17. Rdd1 b5 18. f3 Nb6 19. e4 Na4 20. Bc1 Qa5 21. Rf1 h6 22. Rb1 Rad8 23. Bd2 Rd7 24. d5 {1-0 Markzon,G (2038)-Serra Olives,T (2147) Wch Seniors 65 29th 2019 (4)}) 10. Qxa8 Bxc4 11. Qf3 e5 12. Qd1 Qd5 13. f3 e4 14. f4 Nc6 15. g4 Qd7 16. f5 Na5 17. Nh3 Nd5 18. Bd2 Re8 19. Nf2 Qd8 20. h4 Nf4 21. exf4 e3 22. Bc1 Qd5 23. Rh2 Bb3 24. Qd3 Qf3 0-1

[Event "45th Olympiad 2024"]
[Site "Budapest HUN"]
[Date "2024.09.21"]
[Round "10.24"]
[Board "3"]
[White "Shirliyev, Allayar"]
[Black "Wong, Zhenyong Jayden"]
[Result "1/2-1/2"]
[WhiteElo "2200"]
[BlackElo "2397"]
[PlyCount "61"]
[EventDate "2024.09.11"]
[WhiteTeam "Turkmenistan"]
[BlackTeam "Singapore"]
[WhiteTeamCountry "TKM"]
[BlackTeamCountry "SIN"]

1. e4 c6 2. d4 d5 3. Nc3 dxe4 4. Bc4 Nf6 5. f3 exf3 6. Nxf3 Bf5 7. O-O e6 8. Ne5 Bg6 9. Nxg6 hxg6 10. Qd3 Nbd7 11. Bf4 Nb6 12. Bb3 Bd6 13. Ne4 $146 ({RR} 13. h3 Bxf4 14. Rxf4 Qd6 15. Rf3 Rh4 16. Rd1 O-O-O 17. Ne2 g5 18. g4 c5 19. c3 Qc6 20. Qe3 c4 21. Bc2 Rdh8 22. Rdf1 Qd6 23. Qe5 Qc7 24. Kg2 Nbd7 25. Qxc7+ Kxc7 26. b3 Nxg4 27. bxc4 Ngf6 {0-1 Hallenberg,S (2131)-Takalo Eskola,A (2127) FIN-chT 1213 2012 (6.7)}) 13... Bxf4 14. Rxf4 Qc7 15. g3 Nxe4 16. Qxe4 Nd5 17. Bxd5 cxd5 18. Qe2 Rc8 19. Raf1 O-O 20. c3 Qc4 21. Qg4 Qxa2 22. Rxf7 Rxf7 23. Qxe6 Rcf8 24. Rxf7 Rxf7 25. Qc8+ Kh7 26. Qh3+ Kg8 27. Qc8+ Rf8 28. Qe6+ Kh7 29. Qh3+ Kg8 30. Qe6+ Rf7 31. Qc8+ 1/2-1/2

[Event "45th Olympiad 2024"]
[Site "Budapest HUN"]
[Date "2024.09.21"]
[Round "10.24"]
[Board "4"]
[White "Chia, Yu Zhe Ashton"]
[Black "Halynyazov, Vepaly"]
[Result "0-1"]
[WhiteElo "2224"]
[BlackElo "2049"]
[PlyCount "112"]
[EventDate "2024.09.11"]
[WhiteTeam "Singapore"]
[BlackTeam "Turkmenistan"]
[WhiteTeamCountry "SIN"]
[BlackTeamCountry "TKM"]

1. e4 e6 2. d4 d5 3. Nd2 c5 4. exd5 Qxd5 5. Ngf3 cxd4 6. Bc4 Qd6 7. Ne4 Qb4+ 8. Nfd2 Nf6 ({RR} 8... Nd7 9. c3 dxc3 10. bxc3 Qa5 11. O-O Ngf6 12. Rb1 a6 13. Re1 Be7 14. Bxe6 fxe6 15. Nc4 Qd5 16. Nxf6+ Nxf6 17. Nb6 Qf5 18. Nxa8 Qxb1 19. Nc7+ Kf7 20. Qe2 Qb6 21. Bf4 Rd8 22. h3 Qc6 23. c4 {0-1 Adhiban,B (2654)-Grischuk,A (2777) Wch Blitz Moscow 2019 (4)}) 9. Nxf6+ ({RR} 9. c3 dxc3 10. bxc3 Qa5 11. Nxf6+ gxf6 12. O-O Bd7 13. Ne4 Be7 14. Qf3 Bc6 15. Nxf6+ Bxf6 16. Qxf6 Rg8 17. f3 Nd7 18. Qh4 Ne5 19. Be2 Qxc3 20. Rb1 Bxf3 21. Bb5+ Bc6 22. Qf2 O-O-O 23. Rb3 Qd4 {0-1 Lujan,C (2269)-Santiago,Y (2462) VIII SESC Caioba Open 2024 (7.7)}) 9... gxf6 10. O-O Nc6 11. a3 $146 ({RR} 11. c3 dxc3 12. bxc3 Qd6 13. Re1 Ne5 14. Qh5 Nxc4 15. Nxc4 Qc5 16. Qh4 Be7 17. Be3 Qc6 18. g3 b5 19. Nd2 Bb7 20. f3 f5 21. Qh5 Rd8 22. Bd4 Rxd4 23. cxd4 Qc3 24. Rad1 Qxd4+ 25. Kg2 O-O {½-½ Fercec,N (2436)-Ayzenberg,A (1887) Pula op 32nd 2018 (1)}) 11... Qb6 12. b4 Bd7 13. Ne4 Be7 14. Qh5 Ne5 15. Bb3 Bc6 16. Re1 O-O-O 17. Bf4 Ng6 18. Bd2 Rhg8 19. Ng3 f5 20. Qxh7 f4 21. Qxf7 fxg3 22. hxg3 e5 23. Qh7 Rh8 24. Qxg6 Rh1+ 25. Kxh1 Bxg2+ 26. Kxg2 Qxg6 27. Rxe5 Qc6+ 28. f3 Bd6 29. Re6 Qc7 30. Rae1 Qg7 31. g4 d3 32. c3 a6 33. g5 Kc7 34. Rf6 Rf8 35. Rxf8 Qxf8 36. g6 Qh8 37. f4 Qh5 38. Kf2 Qh2+ 39. Kf3 Qxd2 40. Re4 Qb2 41. Rc4+ Kb6 42. g7 Qxb3 43. g8=Q Qd1+ 44. Ke4 d2 45. Qd8+ Ka7 46. Rd4 Qe2+ 47. Kd5 Bxf4 48. Qf8 d1=Q 49. Rxd1 Qxd1+ 50. Ke6 Qe2+ 51. Kf5 Qe5+ 52. Kg4 Bd2 53. c4 Qe2+ 54. Kh3 Qh5+ 55. Kg2 Qg4+ 56. Kh1 Qh3+ 0-1

[Event "45th Olympiad 2024"]
[Site "Budapest HUN"]
[Date "2024.09.21"]
[Round "10.25"]
[Board "1"]
[White "Gascon Del Nogal, Jose Rafael"]
[Black "Rodrigue-Lemieux, Shawn"]
[Result "1/2-1/2"]
[WhiteElo "2454"]
[BlackElo "2509"]
[PlyCount "62"]
[EventDate "2024.09.11"]
[WhiteTeam "Venezuela"]
[BlackTeam "Canada"]
[WhiteTeamCountry "VEN"]
[BlackTeamCountry "CAN"]

1. d4 Nf6 2. c4 e6 3. g3 d5 4. Nf3 dxc4 5. Bg2 Nc6 6. O-O Rb8 7. a4 a6 8. Nc3 Be7 9. e4 ({RR} 9. a5 O-O 10. Qa4 Nb4 11. Bg5 Bd7 12. Qd1 Bc6 13. Ne5 Bxg2 14. Kxg2 Nc6 15. Nf3 Nd5 16. Bxe7 Qxe7 17. e4 Ndb4 18. b3 Rfd8 19. d5 exd5 20. exd5 Qc5 21. Qc1 Nxa5 22. bxc4 Nb3 23. Qf4 Nxa1 {0-1 Maghsoodloo,P (2676)-Dominguez Perez,L (2758) Leon Online 33rd 2020 (1.1)}) 9... O-O 10. a5 ({RR} 10. e5 Nd5 11. Ne4 Na5 12. Qc2 Nb4 13. Qe2 Nb3 14. Rb1 b5 15. Bg5 Bxg5 16. Nfxg5 h6 17. Qh5 Bb7 18. axb5 axb5 19. Rfd1 Nd3 20. h4 Qxd4 21. Rf1 Qxe5 22. Qg4 hxg5 23. hxg5 Bxe4 24. Bxe4 Nd2 {0-1 Oliveira,T (1964)-Hrabinska,M (2177) Titled Tue 19th Mar Late 2024 (8)}) 10... b5 $146 ({RR} 10... Bb4 11. e5 Bxc3 12. bxc3 Nd5 13. Qc2 h6 14. Nd2 Nce7 15. Nxc4 Bd7 16. Nd2 c5 17. dxc5 Qc7 18. c4 Nb4 19. Qb3 Nbc6 20. Ne4 Nf5 21. Nd6 Nxa5 22. Qc3 Nc6 23. Ba3 Nfd4 24. Qd3 b6 25. cxb6 {1-0 Egorov,M (2028)-Demmery,S (2162) Guelph Fall 50 50 Pro-Am 2007 (5)}) ({RR} 10... Bb4 11. e5 Bxc3 12. bxc3 Nd5 13. Qc2 Nce7 14. Ba3 h6 15. Nd2 Bd7 16. Nxc4 Bb5 17. Qb3 b6 18. Rfb1 bxa5 19. Nxa5 Nb6 20. c4 Ba4 21. Qc3 Bd7 22. Qd2 Re8 23. Rc1 Nf5 24. Bc5 Na4 25. Ba3 {½-½ Bataev,R-Sazonova,E (2215) RUS-Cup02 Moscow 1998 (8)}) ({RR} 10... Bb4 11. Ra4 Bxa5 12. Rxc4 Bxc3 13. Rxc3 Nxe4 14. Ra3 Nd6 15. Bg5 f6 16. Bf4 Nb5 17. Rc3 Nxc3 18. bxc3 Ne7 19. c4 b5 20. Qb3 Qd7 21. Rd1 Bb7 22. c5 Bd5 23. Qa3 Qc6 24. Re1 b4 25. Qd3 {0-1 Dimitrov,N (1783)-Petkov,V (2504) Sofia Baharov Memorial 18th 2010 (1)}) 11. axb6 cxb6 12. Bf4 Rb7 13. Rxa6 Nb4 14. Ra8 Nd3 15. Ne5 Qxd4 16. Nxd3 cxd3 17. Be3 Qc4 18. Ra4 Qc7 19. Qxd3 b5 20. Ra8 b4 21. Na4 Bd7 22. Rxf8+ Bxf8 23. Rc1 Qe5 24. f4 Qh5 25. e5 Bb5 26. Qd1 Qxd1+ 27. Rxd1 Rd7 28. Rxd7 Nxd7 29. Nb6 Bc5 30. Bxc5 Nxc5 31. Bf1 Bd3 1/2-1/2

[Event "45th Olympiad 2024"]
[Site "Budapest HUN"]
[Date "2024.09.21"]
[Round "10.25"]
[Board "2"]
[White "Panjwani, Raja"]
[Black "Escalona Landi, Samid Eduardo"]
[Result "0-1"]
[WhiteElo "2460"]
[BlackElo "2305"]
[PlyCount "134"]
[EventDate "2024.09.11"]
[WhiteTeam "Canada"]
[BlackTeam "Venezuela"]
[WhiteTeamCountry "CAN"]
[BlackTeamCountry "VEN"]

1. Nf3 Nf6 2. c4 d6 3. d4 g6 4. Nc3 Bg7 5. e4 O-O 6. Bd3 c5 7. d5 e6 8. h3 Na6 9. O-O e5 10. Bg5 h6 11. Be3 ({RR} 11. Bd2 Nh7 12. Nh2 f5 13. exf5 gxf5 14. f4 e4 15. Be2 Bd4+ 16. Kh1 Nc7 17. Qc2 a6 18. a4 Rb8 19. a5 Bd7 20. Nd1 b5 21. axb6 Rxb6 22. Bc3 Rb7 23. Ra3 Qf6 24. g4 Rfb8 25. gxf5 Bxf5 {0-1 Schroer,J (2349)-Panjwani,R (2390) USA tt ICC INT 2015 (5)}) 11... Nh5 ({RR} 11... Nh7 12. Qd2 f5 13. Bxh6 f4 14. Bxg7 Kxg7 15. Rfb1 Rh8 16. Kf1 Ng5 17. Qd1 Bxh3 18. gxh3 Rxh3 19. Ng1 Qd7 20. f3 Rxf3+ 21. Ke2 Qg4 22. Kd2 Rf2+ 23. Nge2 Qh3 {0-1 Eilenberg,J (2149)-Roshka,Y (2496) 42nd St Veit Open 2023 (6.2)}) 12. Qd2 g5 ({RR} 12... Qf6 13. Bxh6 Bxh6 14. Qxh6 Nf4 15. Ng5 Qg7 16. Qxg7+ Kxg7 17. Bc2 Rh8 18. Bd1 Kf6 19. Nf3 Bxh3 20. gxh3 Rxh3 21. Ne1 Rah8 22. Bf3 g5 23. Ne2 Rxf3 24. Ng3 g4 25. Nxf3 gxf3 26. Rfc1 Nb4 27. Rc3 {0-1 Grandelius,N (2623)-Hansen,C (2621) Oslo Scandinavian Masters rapid 2015 (2)}) 13. Ne2 f5 $146 ({RR} 13... Nc7 14. Nh2 Nf4 15. Ng3 Ne8 16. Be2 Nf6 17. Bd1 h5 18. f3 Rb8 19. b4 b6 20. a3 Bd7 21. Rc1 Nh7 22. Bc2 Qf6 23. Nh1 Qg6 24. Nf2 Nf6 25. Bd1 Bh6 26. Re1 g4 27. hxg4 hxg4 28. Nhxg4 {½-½ Muse,M (2380)-Lagunow,R (2164) Berlin Lichtenrade op 11th 2015 (6)}) 14. Ng3 Nxg3 15. fxg3 f4 16. Bf2 Bf6 17. g4 Bd7 18. a3 Qe7 19. b4 Rfc8 20. Rfb1 Be8 21. Qd1 Qg7 22. Nd2 Bd8 23. Bc2 Qd7 24. Rb2 Bb6 25. Qe2 Qd8 26. Bd3 Rc7 27. Qe1 Rh7 28. Be2 Rc8 29. Rc1 Rcc7 30. Kf1 Rcg7 31. Bf3 Qc8 32. Qe2 Bd7 33. Ke1 Nc7 34. Rcb1 Na6 35. Ra1 Be8 36. Kd1 Rc7 37. b5 Nb8 38. Nb3 Rcg7 39. Kc2 Nd7 40. a4 Nf6 41. g3 h5 42. gxf4 hxg4 43. hxg4 gxf4 44. Rg1 Rg5 45. Rg2 Rh3 46. Rb1 Bg6 47. Re1 Qd8 48. Qd3 Ba5 49. Re2 a6 50. Bxc5 dxc5 51. Nxc5 Qc8 52. Ne6 Rxf3 53. Qxf3 Qxc4+ 54. Kb2 Bxe4 55. Rxe4 Nxe4 56. Rc2 Nc3 57. Rxc3 Qxc3+ 58. Qxc3 Bxc3+ 59. Kxc3 Rg6 60. g5 axb5 61. axb5 b6 62. Kd3 Kf7 63. Nc7 Ke7 64. Ke4 Rxg5 65. Ne6 Rg6 66. Nc7 Rf6 67. Kf3 Kd7 0-1

[Event "45th Olympiad 2024"]
[Site "Budapest HUN"]
[Date "2024.09.21"]
[Round "10.25"]
[Board "3"]
[White "Castro Torres, Jose Luis"]
[Black "Thavandiran, Shiyam"]
[Result "0-1"]
[WhiteElo "2299"]
[BlackElo "2388"]
[PlyCount "58"]
[EventDate "2024.09.11"]
[WhiteTeam "Venezuela"]
[BlackTeam "Canada"]
[WhiteTeamCountry "VEN"]
[BlackTeamCountry "CAN"]

1. e4 e6 2. d4 d5 3. Nd2 c5 4. exd5 Qxd5 5. Ngf3 cxd4 6. Bc4 Qd6 7. Ne4 Qb4+ 8. Nfd2 Nc6 ({RR} 8... Nd7 9. c3 dxc3 10. bxc3 Qa5 11. O-O Ngf6 12. Rb1 a6 13. Re1 Be7 14. Bxe6 fxe6 15. Nc4 Qd5 16. Nxf6+ Nxf6 17. Nb6 Qf5 18. Nxa8 Qxb1 19. Nc7+ Kf7 20. Qe2 Qb6 21. Bf4 Rd8 22. h3 Qc6 23. c4 {0-1 Adhiban,B (2654)-Grischuk,A (2777) Wch Blitz Moscow 2019 (4)}) 9. c3 Qb6 ({RR} 9... dxc3 10. bxc3 Qa5 11. Rb1 Be7 12. O-O Qc7 13. Qg4 f5 14. Qxg7 Qe5 15. Qxe5 Nxe5 16. Ng3 Nf6 17. Re1 Nxc4 18. Nxc4 Nd5 19. Bd2 O-O 20. Ne5 Rd8 21. Ne2 Nb4 22. cxb4 Rxd2 23. a4 Bf6 24. Nf4 {1-0 Martinez Alcantara,J (2612)-Kramnik,V (2753) Clash of Claims 2024 (6)}) 10. O-O Be7 $146 ({RR} 10... Bd7 11. Bb3 Nf6 12. Nc4 Qa6 13. Nxf6+ gxf6 14. cxd4 Nb4 15. Re1 Bb5 16. Na3 O-O-O 17. Nxb5 Qxb5 18. Qf3 Be7 19. Bf4 Rxd4 20. a4 Qa6 21. Rec1+ Nc6 22. Be3 Rb4 23. Bd2 Rh4 24. Bf4 e5 25. Bc4 {1-0 Nedev,T (2490)-Boruchovsky,A (2558) GRE-chT 46th 2018 (2.10)}) ({RR} 10... Nf6 11. Nxf6+ gxf6 12. Re1 Ne5 13. Qh5 Bd7 14. Qh4 Nxc4 15. Nxc4 Qc6 16. Qxd4 Rg8 17. g3 Rg6 18. Bf4 Bc5 19. Qd3 b6 20. Rad1 Be7 21. Bd6 Rc8 22. Re4 Rd8 23. Rd4 b5 24. Na5 Qc8 25. Bxe7 {1-0 Rybka,S (2285)-Ihnat,M (2069) Skalica op-A 2022 (3)}) 11. Re1 Nf6 12. Nxf6+ Bxf6 13. Ne4 Be5 14. Kh1 O-O 15. f4 Bc7 16. Qd3 h6 17. f5 exf5 18. Nf6+ gxf6 19. Bxh6 Ne5 20. Qg3+ Ng4 21. Qh4 Be5 22. Qh5 Be6 23. Bxe6 Qxe6 24. Bxf8 Rxf8 25. cxd4 Qb6 26. Qxf5 Qxd4 27. Re2 Bxh2 28. Rae1 Bg3 29. Rc1 Kg7 0-1

[Event "45th Olympiad 2024"]
[Site "Budapest HUN"]
[Date "2024.09.21"]
[Round "10.25"]
[Board "4"]
[White "Preotu, Razvan"]
[Black "Jaramillo Lopez, Ali Aaron"]
[Result "1-0"]
[WhiteElo "2451"]
[BlackElo "2258"]
[PlyCount "113"]
[EventDate "2024.09.11"]
[WhiteTeam "Canada"]
[BlackTeam "Venezuela"]
[WhiteTeamCountry "CAN"]
[BlackTeamCountry "VEN"]

1. Nf3 Nf6 2. c4 g6 3. Nc3 d5 4. cxd5 Nxd5 5. h4 Nf6 6. d4 c5 7. d5 Bg7 8. e4 O-O 9. e5 Ng4 10. Bf4 Nd7 $146 ({RR} 10... e6 11. d6 Nc6 12. Qe2 f6 13. O-O-O Nd4 14. Nxd4 cxd4 15. Ne4 fxe5 16. Bg5 Qa5 17. Kb1 Nf6 18. Bxf6 Bxf6 19. h5 g5 20. h6 Bd7 21. Qg4 Kh8 22. Bd3 Qd8 23. Rh3 Bc6 24. Rf3 Bxe4 25. Qxe4 {1-0 Tabatabaei,M (2458)-Liu,X (2436) World ol U16 2015 (2.2)}) 11. Qe2 Qc7 12. O-O-O Ndxe5 13. Kb1 Qd7 14. Ka1 Qf5 15. Bg3 b5 16. Nxe5 Nxe5 17. Qxb5 Bd7 18. Bd3 Bxb5 19. Bxf5 gxf5 20. Nxb5 Nc4 21. Nc3 Rfd8 22. Rc1 Rd7 23. Rhe1 Rad8 24. a3 Nb6 25. Be5 Bh6 26. Rc2 Nxd5 27. Na4 Nb6 28. Nxc5 Rd1+ 29. Rxd1 Rxd1+ 30. Ka2 f6 31. Bb8 Kf7 32. Bxa7 Nd5 33. Nb3 e5 34. Bc5 e4 35. Nd4 f4 36. Nf5 Kg6 37. Nxh6 Kxh6 38. a4 e3 39. fxe3 fxe3 40. Re2 Rd3 41. Kb1 Rd1+ 42. Kc2 Ra1 43. Kb3 Kh5 44. Bxe3 Kxh4 45. Re1 Rxe1 46. Bf2+ Kg4 47. Bxe1 Kf5 48. Kc4 Ke6 49. Kc5 Nf4 50. Bg3 Nd3+ 51. Kb5 Nxb2 52. a5 Kd7 53. a6 Kc8 54. Kc6 Nc4 55. a7 Na5+ 56. Kb6 Nc4+ 57. Ka6 1-0

[Event "45th Olympiad 2024"]
[Site "Budapest HUN"]
[Date "2024.09.21"]
[Round "10.26"]
[Board "1"]
[White "Rodshtein, Maxim"]
[Black "Mohammad Fahad, Rahman"]
[Result "1-0"]
[WhiteElo "2600"]
[BlackElo "2419"]
[PlyCount "149"]
[EventDate "2024.09.11"]
[WhiteTeam "Israel"]
[BlackTeam "Bangladesh"]
[WhiteTeamCountry "ISR"]
[BlackTeamCountry "BAN"]

1. c4 Nf6 2. Nc3 g6 3. e4 d6 4. d4 Bg7 5. Be2 O-O 6. Nf3 e5 7. d5 Na6 8. Bg5 h6 9. Bh4 g5 10. Bg3 Nc5 11. Nd2 a5 12. f3 ({RR} 12. h4 g4 13. h5 Bd7 14. b3 Qc8 15. Qc2 Nh7 16. Nf1 f5 17. exf5 Bxf5 18. Qd2 Bf6 19. Ne3 Bg5 20. Bh4 Bxh4 21. Rxh4 Qd8 22. Nxf5 Rxf5 23. Rxg4+ Rg5 24. O-O-O Qf6 25. Qe3 Rf8 26. Rxg5+ Nxg5 {1-0 Triapishko,A (2510)-Barski,R (2441) Titled Tuesday intern op 15th June blitz 2021 (1)}) 12... Nh5 13. Bf2 Nf4 14. Bxc5 dxc5 $146 ({RR} 14... Nxg2+ 15. Kf2 Nf4 16. Be3 g4 17. Bxf4 exf4 18. Nf1 Qh4+ 19. Kg1 gxf3 20. Bxf3 Bh3 21. Ne2 Bxb2 22. Rb1 Ba3 23. Nfg3 Bc5+ 24. Nd4 fxg3 25. Rb2 Qf6 26. Rd2 Qf4 27. hxg3 Qxg3+ 28. Bg2 Bxd4+ 29. Rxd4 {0-1 Meul,W (1831)-Van Loy,R (1966) Maastricht Limburg op-B 9th 2015 (6)}) 15. g3 Ng6 16. Bd3 Bd7 17. Nf1 Ne7 18. Ne3 Nc8 19. Qe2 Nd6 20. h4 a4 21. a3 Ra6 22. O-O-O Rb6 23. Bc2 gxh4 24. Rxh4 Qg5 25. Kb1 f5 26. Nxf5 Nxf5 27. exf5 e4 28. Bxe4 Bxf5 29. Nxa4 Rb3 30. Rf4 Bd7 31. Rxf8+ Kxf8 32. Nxc5 Rxb2+ 33. Qxb2 Bxb2 34. Nxd7+ Ke7 35. Kxb2 Kxd7 36. g4 Kd6 37. Kb3 Qe3+ 38. Rd3 Qb6+ 39. Kc2 Qa6 40. Rc3 b6 41. Bf5 Qa4+ 42. Kd2 Kc5 43. Bc2 Qa8 44. Be4 Qa5 45. Kd3 Qa4 46. Ke3 Qa5 47. Kd3 Qa4 48. Ke3 Qd1 49. Rc2 Qa1 50. Kf4 Kd6 51. Kg3 Ke5 52. a4 Qg1+ 53. Rg2 Qe1+ 54. Rf2 Kd4 55. Kg2 Ke3 56. Rc2 Qa1 57. c5 bxc5 58. Rxc5 Qxa4 59. Rxc7 Qa5 60. Rc2 Qe1 61. Ra2 Kf4 62. Rc2 Ke3 63. Ra2 Kf4 64. Rc2 Ke3 65. Ra2 Qc1 66. Rc2 Qa1 67. Rc6 Qb2+ 68. Bc2 Qc1 69. Re6+ Kf4 70. Re2 Qa3 71. Re4+ Kg5 72. Re5+ Kf4 73. Re4+ Kg5 74. Kg3 Qc3 75. Re6 1-0

[Event "45th Olympiad 2024"]
[Site "Budapest HUN"]
[Date "2024.09.21"]
[Round "10.26"]
[Board "2"]
[White "Manon, Reja Neer"]
[Black "Gorshtein, Ido"]
[Result "1-0"]
[WhiteElo "2417"]
[BlackElo "2543"]
[PlyCount "145"]
[EventDate "2024.09.11"]
[WhiteTeam "Bangladesh"]
[BlackTeam "Israel"]
[WhiteTeamCountry "BAN"]
[BlackTeamCountry "ISR"]

1. e4 c6 2. d4 d5 3. Nd2 dxe4 4. Nxe4 Nf6 5. Nxf6+ exf6 6. c3 Bd6 7. Bd3 O-O 8. Qc2 Re8+ 9. Ne2 h6 10. O-O Nd7 11. Bf4 Nf8 12. Bxd6 Qxd6 13. Ng3 g6 14. Rfe1 Be6 15. Ne4 Qd8 16. Nc5 b6 $146 ({RR} 16... Qc7 17. Nxe6 Rxe6 18. Bc4 Re7 19. Re2 Rae8 20. Rae1 Kg7 21. g3 f5 22. Qd2 Nh7 23. Rxe7 Rxe7 24. Rxe7 Qxe7 25. d5 cxd5 26. Bxd5 Nf6 27. Bf3 b6 28. c4 Qe5 29. b4 g5 30. Qc1 Qd4 31. c5 {1-0 Kantans,T (2500)-Svane,R (2625) Titled Tue 11th Jul Early 2023 (3)}) 17. Nxe6 Nxe6 18. Bc4 Qd7 19. Re3 Kg7 20. Rae1 Nc7 21. h4 Rxe3 22. Rxe3 Re8 23. Rxe8 Nxe8 24. Qe2 Nd6 25. Bd3 a5 26. g3 a4 27. c4 b5 28. b3 a3 29. h5 g5 30. c5 Ne8 31. Qe3 Kf8 32. Be4 Nc7 33. Bf3 b4 34. Qd2 Kg7 35. Qxb4 Ne6 36. d5 cxd5 37. Qxa3 Nd4 38. Bd1 Qe7 39. Qa5 Qe4 40. Qd2 Ne6 41. b4 f5 42. c6 f4 43. b5 d4 44. Qe2 Qb1 45. Kg2 d3 46. Qe5+ Kg8 47. Bg4 d2 48. Qd5 fxg3 49. fxg3 Qc2 50. Kh3 Nc7 51. Qd8+ Kg7 52. Qd4+ Kg8 53. Qd8+ Kg7 54. Qd4+ Kg8 55. a4 Ne6 56. Qd5 Nc7 57. Qd8+ Kg7 58. Qd4+ Kg8 59. Be2 Ne6 60. Qd5 Qc3 61. Kg2 Qb2 62. Kf2 Nd4 63. Bd1 Ne6 64. Ke3 Qa3+ 65. Qd3 Qe7 66. Kxd2 Nc5 67. Qc4 Qe5 68. Kc2 Qf5+ 69. Kb2 Nd3+ 70. Ka3 Ne5 71. Qc3 Qe6 72. Bb3 Qd6+ 73. Ka2 1-0

[Event "45th Olympiad 2024"]
[Site "Budapest HUN"]
[Date "2024.09.21"]
[Round "10.26"]
[Board "4"]
[White "Zia, Tahsin Tajwar"]
[Black "Postny, Evgeny"]
[Result "0-1"]
[WhiteElo "2255"]
[BlackElo "2577"]
[PlyCount "88"]
[EventDate "2024.09.11"]
[WhiteTeam "Bangladesh"]
[BlackTeam "Israel"]
[WhiteTeamCountry "BAN"]
[BlackTeamCountry "ISR"]

1. d4 d5 2. c4 c6 3. Nf3 Nf6 4. Nc3 dxc4 5. e4 b5 6. Be2 e6 7. O-O a5 ({RR} 7... Bb7 8. Rb1 Be7 9. b3 cxb3 10. Rxb3 Nbd7 11. e5 Nd5 12. Nxd5 exd5 13. h4 Nf8 14. Ng5 h6 15. Nxf7 Kxf7 16. f4 Bxh4 17. f5 Bg5 18. Bh5+ Kg8 19. Rg3 Bxc1 20. f6 Bg5 21. Rxg5 hxg5 22. f7+ {½-½ Hakobyan,A (2588)-Postny,E (2600) PNWCC Online Masters WOO rapid 2020 (5.4)}) 8. Qc2 ({RR} 8. e5 Nd5 9. Ne4 a4 10. Bg5 Qc7 11. b3 cxb3 12. axb3 a3 13. Bd3 h6 14. Bd2 Na6 15. Qc1 Nab4 16. Be2 a2 17. h3 Be7 18. Re1 Bd7 19. Bf1 Qa7 20. Nd6+ Bxd6 21. exd6 Qa3 22. Qc5 Qxb3 {1-0 Firouzja,A (2785)-Sjugirov,S (2712) Titled Tue 20th Dec Early 2022 (5)}) 8... Be7 9. Rb1 $146 ({RR} 9. b3 cxb3 10. axb3 Na6 11. e5 Nb4 12. Qb1 Nfd5 13. Ne4 h6 14. h4 O-O 15. g3 Bb7 16. Bd2 Qb6 17. Qc1 Kh7 18. Qb1 Kg8 19. Qc1 Kh7 20. Nc5 Rad8 21. Re1 Bxc5 22. dxc5 Qc7 23. Qb1+ Kg8 {1-0 Theodorou,N (2622)-Lagarde,M (2638) Titled Tue 5th Mar Early 2024 (10)}) ({RR} 9. Bg5 h6 10. Bxf6 Bxf6 11. Rad1 O-O 12. d5 exd5 13. exd5 Bxc3 14. dxc6 Qf6 15. Qxc3 Qxc3 16. bxc3 Nxc6 17. Rd6 Ra6 18. Rfd1 Re8 19. Kf1 Kf8 20. R6d5 Rb6 21. Rb1 b4 22. cxb4 Nxb4 23. Rxa5 c3 {0-1 Yakimova,M (2222)-Gunina,V (2439) 73rd ch-RUS w 2023 (11.1)}) 9... Ba6 10. Re1 h6 11. Bf4 O-O 12. Rbd1 Re8 13. Ne5 Bf8 14. Bf3 Nfd7 15. d5 Qf6 16. Nxd7 Nxd7 17. dxc6 Nc5 18. Bc7 e5 19. Nd5 Qxc6 20. Bxa5 Bb7 21. b4 cxb3 22. axb3 Rxa5 23. b4 Ra4 24. bxc5 Bxc5 25. Rc1 Rc4 26. Qb2 Bd4 27. Qa3 Kh7 28. Bh5 Ra8 29. Rxc4 Rxa3 30. Rxc6 Bxc6 31. Bxf7 Rd3 32. Nb4 Rd2 33. Nxc6 Bxf2+ 34. Kf1 Bxe1 35. Kxe1 Rxg2 36. Nxe5 g5 37. h3 Kg7 38. Be8 b4 39. Ba4 Rg3 40. Kd2 Rxh3 41. Nd3 g4 42. Nxb4 g3 43. Ke2 Rh4 44. Bc6 Rf4 0-1

[Event "45th Olympiad 2024"]
[Site "Budapest HUN"]
[Date "2024.09.21"]
[Round "10.27"]
[Board "1"]
[White "Bogner, Sebastian"]
[Black "Amartuvshin, Ganzorig"]
[Result "1-0"]
[WhiteElo "2545"]
[BlackElo "2402"]
[PlyCount "111"]
[EventDate "2024.09.11"]
[WhiteTeam "Switzerland"]
[BlackTeam "Mongolia"]
[WhiteTeamCountry "SUI"]
[BlackTeamCountry "MGL"]

1. e4 e5 2. Nf3 Nc6 3. Bc4 Bc5 4. d3 Nf6 5. Nbd2 O-O 6. O-O d6 7. c3 a6 8. a4 Ba7 9. h3 h6 10. Re1 Be6 ({RR} 10... Ne7 11. d4 Ng6 12. Bb3 Re8 13. Bc2 Nh5 14. Nf1 Nhf4 15. Ng3 c6 16. Be3 Qf6 17. Nf5 Bb8 18. dxe5 dxe5 19. Bb6 a5 20. b4 axb4 21. cxb4 Ne7 22. Bd8 Bxf5 23. exf5 Bd6 24. Bxe7 Rxe7 25. g3 {0-1 Vachier Lagrave,M (2778)-So,W (2770) Clutch-ch June rapid 2020 (1.11)}) 11. Bxe6 fxe6 12. Nf1 ({RR} 12. b4 Qe8 13. Nf1 Ne7 14. Ra2 Ng6 15. d4 exd4 16. cxd4 e5 17. Ng3 Kh8 18. Be3 Rd8 19. Rc2 c6 20. Qa1 Nd7 21. Nf5 Rf6 22. dxe5 Bxe3 23. exf6 Bxf2+ 24. Rxf2 Nxf6 25. N3h4 Nxh4 26. Nxg7 {1-0 Ozates,T (2290)-Zhou,Q (2201) Titled Tue 16th Apr Late 2024 (8)}) 12... Nh5 13. b4 $146 ({RR} 13. d4 Qf6 14. Be3 Nf4 15. Kh2 exd4 16. cxd4 d5 17. e5 Qf7 18. Ra3 a5 19. Rc3 Bb6 20. Ng1 Ng6 21. Rc2 Nxd4 22. Bxd4 Qf4+ 23. Ng3 Qxd4 24. Qxd4 Bxd4 25. Rxc7 Rxf2 26. Re2 Rxe2 27. N1xe2 Bxb2 {0-1 Gkavardinas,A (2141)-Kucza,K (2343) 34th Cracovia Open A 2023 (2.24)}) 13... Qf6 14. Ra2 Nf4 15. Bxf4 Qxf4 16. N1h2 Ne7 17. Kh1 Qf7 18. g3 Ng6 19. Kg2 Qd7 20. h4 Rac8 21. Qb3 Rf6 22. Ng4 Rf7 23. h5 Rcf8 24. Ngh2 Ne7 25. Rf1 Kh7 26. Nh4 Rg8 27. a5 g5 28. hxg6+ Nxg6 29. Nxg6 Rxg6 30. Qd1 Qe7 31. Rh1 Qf8 32. Ng4 Qg7 33. Rh4 c5 34. bxc5 Bxc5 35. f3 Be3 36. Qe2 Bg5 37. Rh1 Rc7 38. c4 Rf7 39. Rh5 Qf8 40. Ra1 Qd8 41. Qb2 Qc7 42. Qb4 Bf6 43. Rah1 Bg5 44. Rxg5 Rxg5 45. Nxh6 Rfg7 46. Nf7+ Kg8 47. Nxg5 Rxg5 48. Qb6 Qxb6 49. axb6 Rg7 50. Kf2 Rd7 51. Rh6 Re7 52. Ke3 Kg7 53. Rh5 Rd7 54. f4 exf4+ 55. gxf4 Rd8 56. d4 1-0